<?xml version="1.0" encoding="UTF-8"?>
<collection xmlns="http://www.loc.gov/MARC21/slim">
 <record>
  <leader>01455nam a2200289 a 4500</leader>
  <controlfield tag="001">9349</controlfield>
  <controlfield tag="003">BD-DhAAL</controlfield>
  <controlfield tag="008">090707s1983    enk      b    001 0 eng d</controlfield>
  <datafield tag="999" ind1=" " ind2=" ">
   <subfield code="c">2131</subfield>
   <subfield code="d">2131</subfield>
  </datafield>
  <datafield tag="040" ind1=" " ind2=" ">
   <subfield code="a">BD-DhAAL</subfield>
  </datafield>
  <datafield tag="082" ind1="0" ind2="0">
   <subfield code="a">820.912</subfield>
   <subfield code="2">21</subfield>
  </datafield>
  <datafield tag="245" ind1="1" ind2="4">
   <subfield code="a">The new Pelican guide to English literature</subfield>
   <subfield code="n">Vol.7,</subfield>
   <subfield code="p">From James to Eliot /</subfield>
   <subfield code="c">edited by Boris Ford.</subfield>
  </datafield>
  <datafield tag="250" ind1=" " ind2=" ">
   <subfield code="a">Revised and expanded edition</subfield>
  </datafield>
  <datafield tag="260" ind1=" " ind2=" ">
   <subfield code="a">Harmondsworth, Middlesex :</subfield>
   <subfield code="b">Penguin,</subfield>
   <subfield code="c">1983.</subfield>
  </datafield>
  <datafield tag="300" ind1=" " ind2=" ">
   <subfield code="a">602 pages ;</subfield>
   <subfield code="c">20 cm.</subfield>
  </datafield>
  <datafield tag="490" ind1="1" ind2=" ">
   <subfield code="a">Pelican guide to English literature ;</subfield>
   <subfield code="v">v. 7</subfield>
  </datafield>
  <datafield tag="504" ind1=" " ind2=" ">
   <subfield code="a">Includes bibliographical references and index.</subfield>
  </datafield>
  <datafield tag="541" ind1="1" ind2=" ">
   <subfield code="e">9349, 12052, 12053</subfield>
  </datafield>
  <datafield tag="650" ind1=" " ind2="0">
   <subfield code="a">English literature</subfield>
   <subfield code="y">19th century</subfield>
   <subfield code="x">History and criticism.</subfield>
   <subfield code="9">41333</subfield>
  </datafield>
  <datafield tag="650" ind1=" " ind2="0">
   <subfield code="a">English literature</subfield>
   <subfield code="y">20th century</subfield>
   <subfield code="x">History and criticism.</subfield>
   <subfield code="9">41334</subfield>
  </datafield>
  <datafield tag="700" ind1="1" ind2=" ">
   <subfield code="a">Ford, Boris ,</subfield>
   <subfield code="d">1917-</subfield>
   <subfield code="9">41335</subfield>
  </datafield>
  <datafield tag="830" ind1=" " ind2="0">
   <subfield code="v">v. 7 </subfield>
   <subfield code="9">41336</subfield>
  </datafield>
  <datafield tag="852" ind1="4" ind2=" ">
   <subfield code="a">Ayesha Abed Library</subfield>
   <subfield code="j">General Stacks</subfield>
  </datafield>
  <datafield tag="942" ind1=" " ind2=" ">
   <subfield code="2">ddc</subfield>
   <subfield code="c">BK</subfield>
  </datafield>
  <datafield tag="952" ind1=" " ind2=" ">
   <subfield code="0">0</subfield>
   <subfield code="1">0</subfield>
   <subfield code="2">ddc</subfield>
   <subfield code="4">0</subfield>
   <subfield code="6">820_912000000000000_NEW_1983</subfield>
   <subfield code="7">0</subfield>
   <subfield code="9">1962</subfield>
   <subfield code="a">BRACUL</subfield>
   <subfield code="b">BRACUL</subfield>
   <subfield code="c">GEN</subfield>
   <subfield code="d">2009-07-07</subfield>
   <subfield code="g">0.00</subfield>
   <subfield code="l">0</subfield>
   <subfield code="o">820.912 NEW</subfield>
   <subfield code="p">3010009349</subfield>
   <subfield code="r">2009-07-07</subfield>
   <subfield code="t">1</subfield>
   <subfield code="w">2009-07-07</subfield>
   <subfield code="y">BK</subfield>
   <subfield code="x">No price found in the accession register.</subfield>
  </datafield>
  <datafield tag="952" ind1=" " ind2=" ">
   <subfield code="0">0</subfield>
   <subfield code="1">0</subfield>
   <subfield code="2">ddc</subfield>
   <subfield code="4">1</subfield>
   <subfield code="6">820_912000000000000_NEW</subfield>
   <subfield code="7">0</subfield>
   <subfield code="9">8740</subfield>
   <subfield code="a">BRACUL</subfield>
   <subfield code="b">BRACUL</subfield>
   <subfield code="c">SPS</subfield>
   <subfield code="d">2010-03-23</subfield>
   <subfield code="g">175.00</subfield>
   <subfield code="l">0</subfield>
   <subfield code="o">820.912 NEW</subfield>
   <subfield code="p">3010012053</subfield>
   <subfield code="r">2010-03-23</subfield>
   <subfield code="t">2</subfield>
   <subfield code="w">2010-03-23</subfield>
   <subfield code="y">BK</subfield>
  </datafield>
  <datafield tag="952" ind1=" " ind2=" ">
   <subfield code="0">0</subfield>
   <subfield code="1">0</subfield>
   <subfield code="2">ddc</subfield>
   <subfield code="4">1</subfield>
   <subfield code="6">820_912000000000000_NEW</subfield>
   <subfield code="7">0</subfield>
   <subfield code="9">14644</subfield>
   <subfield code="a">BRACUL</subfield>
   <subfield code="b">BRACUL</subfield>
   <subfield code="c">SPS</subfield>
   <subfield code="d">2011-03-14</subfield>
   <subfield code="g">175.00</subfield>
   <subfield code="l">0</subfield>
   <subfield code="o">820.912 NEW</subfield>
   <subfield code="p">3010012052</subfield>
   <subfield code="r">2011-03-14</subfield>
   <subfield code="t">3</subfield>
   <subfield code="w">2011-03-14</subfield>
   <subfield code="y">BK</subfield>
  </datafield>
 </record>
</collection>
